Využitie metód analýzy zisku v nefinančných podnikoch

Príspevok poukazuje na dôležitosť metód analýzy zisku vo výrobných podnikoch na riadenie a rozhodovanie. Tradičná analýzy tvorby zisku z realizácie. Trhovo orientovaná analýza zisku z realizácie. Každá analýza zisku je pre podnik prínosom, prináša nové informácie, ktoré zvýšia jeho konkurencieschopn...

Descrizione completa

Salvato in:
Dettagli Bibliografici
Autore principale: Kostková, Albína, 1951-
Altri autori: Lajoš, Branislav
Natura: Capitolo di libro
Lingua:slovacco
Soggetti:
Tags: Aggiungi Tag
Nessun Tag, puoi essere il primo ad aggiungerne!!

MARC

LEADER 00000naa$a2200000$$$4500
001 0146374
005 20240604114311.1
041 0 |a slo 
044 |a SK 
245 1 0 |a Využitie metód analýzy zisku v nefinančných podnikoch  |c Albína Kostková, Branislav Lajoš 
520 |a Príspevok poukazuje na dôležitosť metód analýzy zisku vo výrobných podnikoch na riadenie a rozhodovanie. Tradičná analýzy tvorby zisku z realizácie. Trhovo orientovaná analýza zisku z realizácie. Každá analýza zisku je pre podnik prínosom, prináša nové informácie, ktoré zvýšia jeho konkurencieschopnosť na trhu. 
610 2 0 |a zisk podnikový 
610 2 0 |a analýzy 
610 2 0 |a metódy 
610 2 0 |a riadenie podnikové 
610 2 0 |a rozhodovanie podnikové 
610 2 0 |a konkurencieschopnosť 
100 1 |a Kostková, Albína, 1951- 
700 1 |a Lajoš, Branislav